Les Clubs de Florian Thauvin - Statistiques

Statistiques générales
  • Ce quiz a été pris 78 fois
  • Le résultat moyen est 4 sur 8
Statistiques - réponses
Saisons Clubs % Correct
2013-2015 Olympique de Marseille
99%
2017-2021 Olympique de Marseille
99%
2025- RC Lens
88%
2011-2013 SC Bastia
58%
2023-2025 Udinese Calcio
25%
2015-2017 Newcastle United
22%
2010-2011 Grenoble Foot 38
11%
2021-2023 Tigres UANL
11%
Aucun quiz correspondant
Distribution des résultats
% des personnes avec chaque résultat
Percentile par nombre de réponses
Votre historique - résultats
Vous n’avez pas pris ce quiz